000 00334nam a2200121Ia 4500
008 190216s9999||||xx |||||||||||||| ||und||
100 _a"Kantiswarup ,gupta P K&Amp; Manmohan"
245 0 _aOperations Research
260 _bCalicut University Central Co-Operative
_c2000
300 _a927p
650 _aOperation Research
942 _cBK
999 _c5474
_d5474